000 00469nam a22001697a 4500
003 OSt
005 20120302145526.0
008 090508t xxu||||| |||| 00| 0 eng d
035 _a३९४३
040 _cमराठी
100 _aपंडित, नलिनी
_94849
245 _aगांधी
250 _a१ ली
260 _aमुंबई
_bग्रंथाली
_c१९८३
300 _b२७२ पाने
942 _2ddc
_cBOOK
999 _c489976
_d489973